000 00459nam a2200169Ia 4500
008 230711s9999||||xx |||||||||||||| ||und||
020 _a978-1-78067-601-2
041 _aENG
082 _a746
_bJA-C
100 _aJackson,Paul
245 0 _aComplete Pleats : Pleating Techniques for Fashion Architecture and Design
250 _a1st Ed.
260 _c2015
_aLondon
_bLaurence King Publication Ltd
300 _a303p.
650 _aArchitecture
942 _cBK
999 _c6807
_d6807